| 000 | 01167naa a22003017a 4500 | ||
|---|---|---|---|
| 001 | BR8707675 | ||
| 003 | BR-BrBNA | ||
| 005 | 20250721154532.0 | ||
| 007 | ta | ||
| 008 | 250630b bl.|||m| |||| 00| 0 por d | ||
| 040 |
_aBR-BrBNA _bpor _cBiblioteca Nacional de Agricultura |
||
| 041 | _a(Pt) | ||
| 072 |
_aH20 _b1112 _b4110 |
||
| 090 | _aH20 BR8707675 | ||
| 100 | 1 | _aRobbs, C.F. | |
| 111 | 1 |
_aSeminario sobre "Moko" da Bananeira _cManaus, AM (Brazil) _d28-30 Aug 1986 |
|
| 245 | 1 | _aEstrategias para controle do "Moko" da bananeira | |
| 246 | 1 | _a[Strategy to controll bananas' wilts] | |
| 246 | 1 | _a[Annals of the Symposium about wilts in bananas] | |
| 500 | _aAnais do Simposio sobre "Moko" da Bananeira Cruz das Almas, BA (Brasil): 1986. p. 52-53 (BR8707675-AMS) | ||
| 773 | 0 |
_tAnais do Simposio sobre "Moko" da Bananeira _wH20 BR8707675 _gCruz das Almas, BA (Brasil), 1986. p. 52-53 |
|
| 650 | _aBANANA | ||
| 650 | _aMURCHA BACTERIANA | ||
| 650 | _aCONTROLE INTEGRADO | ||
| 490 |
_aDocumentos - Centro Nacional de Pesquisa de Mandioca e Fruticultura (Brazil) _vno. 19 _xISSN 0101-7411 |
||
| 942 |
_cAMS _2AGRIS |
||
| 909 |
_a202506 _bLúcia _c55 _dLúcia Elande |
||
| 999 |
_c335464 _d335464 |
||